Normal view
MARC view
Entry Topical Term
001 - CONTROL NUMBER
- control field: 2684
003 - CONTROL NUMBER IDENTIFIER
- control field: BD-RjUL
005 - DATE AND TIME OF LATEST TRANSACTION
- control field: 20220423121214.0
008 - FIXED-LENGTH DATA ELEMENTS
- fixed length control field: 220423|| aca||aabn | a|a d
040 ## - CATALOGING SOURCE
- Original cataloging agency: BD-RjUL
- Transcribing agency: BD-RjUL
150 ## - HEADING--TOPICAL TERM
- Topical term or geographic name entry element: Rice
- General subdivision: Yields
670 ## - SOURCE DATA FOUND
- Source citation: Work cat.: (BD-RjUL)79508: Alam, Shah Md. Mahbub 1730, Inheritance Pattern and Development of Drought Resistant Rice Through Molecular Breeding Approaches /, 2016